Statystyki dla Quiz o Manchesterze United

Kliknij tutaj aby rozwiązać quiz!

Ogólne statystyki

  • Ten quiz został rozwiązany 105 razy
  • Średni wynik to 9 z 15

Statystyki odpowiedzi

PytanieOdpowiedź% Poprawnych
W którym roku Manchester zdobył ostatnie mistrzostwo Anglii?2013
90%
Jaki przydomek nosi Manchester United?Czerwone Diabły
83%
Jak nazywa się najlepszy strzelec w historii United?Wayne Rooney
83%
Jak nazywa się stadion Manchesteru United?Old Trafford
77%
Jak nazywa się inny portugalski skrzydłowy który gra obecnie w Veneci?Nani
76%
Jak nazywał się Polski bramkarz który przeszedł z Wighan Athletic?Tomasz Kuszczak
72%
Podaj nazwisko obecnych właścicieli Manchesteru United.Glazer
67%
Podaj nazwisko wychowanka który zagrał najwięcej meczy w historii Manchester United.Giggs
56%
Podaj wynik największej wygranej w historii Manchester United.10-0
51%
Kto zastąpił Sir Alexa Fergusona w Manchesterze United?David Moyes
50%
Jak się nazywa sponsor techniczny Manchesteru United?Adidas
47%
W którym roku powstał Manchester United?1878
42%
Podaj wynik największej porażki w historii Manchesteru United.7-0
41%
Jak ma na imię wychowanek Manchester United który został wypożyczony do West Hamu?Jesse
41%
Jak brzmiała początkowa nazwa Manchester United?Newton Heath
14%

Rozkład punktacji

Percentyl według liczby udzielonych odpowiedzi

Procent ludzi z każdym wynikiem

Twoja historia wyników

Nie rozwiązałeś tego quizu